A TEXTBOOK OF PHARMACOGNOSY & AND PHYTOCHEMISTRY (Record no. 11201)

MARC details
000 -LEADER
fixed length control field 00341nam a22001457a 4500
003 - CONTROL NUMBER IDENTIFIER
control field SGT
020 ## - INTERNATIONAL STANDARD BOOK NUMBER
International Standard Book Number 81-219-4250-0
082 ## - DEWEY DECIMAL CLASSIFICATION NUMBER
Classification number 615.32
Item number P14K
100 ## - MAIN ENTRY--PERSONAL NAME
Personal name KUMAR,G.S
245 ## - TITLE STATEMENT
Title A TEXTBOOK OF PHARMACOGNOSY & AND PHYTOCHEMISTRY
260 ## - PUBLICATION, DISTRIBUTION, ETC. (IMPRINT)
Place of publication, distribution, etc NEW DELHI
Name of publisher, distributor, etc S.CHAND & COMPANY
Year of Publication 2014
300 ## - PAGE DESCRIPTION
No. of Pages 287
650 ## - SUBJECT ADDED ENTRY--TOPICAL TERM
Topical term or geographic name as entry element PHARMACY
942 ## - ADDED ENTRY ELEMENTS (KOHA)
Source of classification or shelving scheme Dewey Decimal Classification
Koha item type Books
Holdings
Withdrawn status Lost status Source of classification or shelving scheme Damaged status Not for loan Collection code Home library Current library Shelving location Date acquired Vendor Name Cost, normal purchase price SGTU Full call number Accession No. (Barcode) Date last seen Bill Date Koha item type
Withdrawn   Dewey Decimal Classification     PHARMACY SGT FA-FP Library SGT FA-FP Library Reference Book 15/03/2017 AHUJA PUB 175.00 SGTU 615.32 P14K FP2267 15/03/2017 15/03/2017 Books